Films du Conjuring Universe - Statistiques

Statistiques générales
  • Ce quiz a été pris 338 fois
    110 depuis la dernière actualisation
  • Le résultat moyen est 5 sur 10
Statistiques - réponses
Hint Réponse % Correct
2014 Annabelle
91%
2018 La Nonne
87%
2013 Conjuring : Les Dossiers Warren
66%
2016 Conjuring 2 : Le cas Enfield
53%
2021 Conjuring 3 : Sous l'emprise du Diable
36%
2017 Annabelle 2 : La Création du Mal
35%
2019 Annabelle 3 : La Maison du Mal
35%
2025 Conjuring 4 : L'Heure du jugement
30%
2019 La Malédiction de la Dame Blanche
21%
2023 La Nonne 2 : La Malédiction de Sainte-Lucie
16%
Aucun quiz correspondant
Distribution des résultats
% des personnes avec chaque résultat
Percentile par nombre de réponses
Votre historique - résultats
Vous n’avez pas pris ce quiz depuis la dernière actualisation